[Event "Morelia/Linares 23rd"]
[Site "Morelia/Linares"]
[Date "2006.03.07"]
[Round "11"]
[White "Aronian, Levon"]
[Black "Vallejo Pons, Francisco"]
[Result "1-0"]
[WhiteElo "2752"]
[BlackElo "2650"]
[Annotator "Dautov,R"]
[PlyCount "71"]
[EventDate "2006.02.18"]
[EventType "tourn"]
[EventRounds "14"]
[EventCountry "ESP"]
[EventCategory "20"]
[SourceTitle "CBM 112"]
[Source "ChessBase"]
[SourceDate "2006.06.07"]
[SourceVersion "1"]
[SourceVersionDate "2006.06.07"]
[SourceQuality "1"]

1. d4 d5 2. c4 e6 3. Nc3 c6 4. e4 dxe4 5. Nxe4 Bb4+ 6. Bd2 Qxd4 7. Bxb4 Qxe4+
8. Be2 Na6 9. Bd6 e5 10. Nf3 Bg4 11. O-O O-O-O 12. Bd3 {Das entstehende
Endspiel gilt als ungefährlich für Schwarz, deswegen versucht Weiß in der
jüngsten Zeit einen unmittelbaren Königsangriff 12.b4!?} (12. b4 $5 Nf6 13. Re1
Bxf3 14. Bxf3 Qxc4 15. Rxe5 Nxb4 16. Re7 Nbd5 17. Rc1 $40 {Riazantsev,A (2593)
-Galkin,A (2618)/Sochi 2006}) 12... Qf4 13. Bxe5 Qxe5 14. Nxe5 Bxd1 15. Bf5+ (
15. Raxd1 Nh6 16. Bc2 g6 17. Nf3 Rhe8 $11 {Grachev,B (2510)-Vitiugov,N (2573)/
Cheboksary 2006}) 15... Kc7 16. Nxf7 Bh5 $6 {Es sieht so aus, daß Paco auf
diese Variante nicht vorbereitet war. Der Textzug ist kein ernsthafter Fehler,
aber die schwarze Verteidigung wird danach auf mehreren einzigen Zügen fußen
müssen. Einfacher kann die Stellung mit 16...Nh6! ausgeglichen gehalten werden.
} (16... Ne7 $2 17. Bxh7 $1 Bg4 18. Nxh8 Rxh8 19. Rfe1 Nc8 20. Bc2 Nb4 21. Be4
$16 {Tal,M (2625)-Dorfman,J (2550)/Tbilisi 1978/URS-ch}) (16... Nh6 $1 17. Nxh6
(17. Nxd8 Rxd8 18. Bxh7 Be2 19. Rfc1 Rd2 $15) (17. Nxh8 Nxf5 18. Nf7 Rd7 19.
Ne5 Be2 20. Nxd7 Bxf1 $11) 17... Bh5 (17... Be2 18. Rfe1 Rd2 19. Bg4 Re8 $11)
18. Bg4 Bxg4 19. Nxg4 Rd2 20. Rab1 Re8 21. Rfd1 (21. Ne3 Nb4 22. Rfd1 Rxd1+ 23.
Rxd1 Nxa2 $11) 21... Rxd1+ 22. Rxd1 Re2 23. Rb1 Nb4 $11 {Bacrot,E (2729)
-Tregubov,P (2607)/Corsica 2005}) 17. Nxd8 $1 (17. Nxh8 Nh6 18. Bxh7 Rxh8 19.
Be4 Be2 20. Rfc1 Rd8 $132) 17... Kxd8 18. g4 $1 {Aronian nimmt gleich das Feld
d7 ins Visier.} Nh6 (18... Bg6 19. Rad1+ Kc7 20. Rd7+ Kb6 21. Bxg6 hxg6 22.
Rxg7 $18) 19. Rad1+ Kc7 20. Rd7+ Kb6 21. Rxg7 Nxf5 22. gxf5 Rf8 23. Re1 Nc5 $2
{Dieser normal aussehende Zug ist bereits der entscheidende Fehler. Es war
allerdings nicht leicht, das folgende geometrische Gewinnmotiv zu finden. Die
Balance hielt die Aktivierung aller schwarzen Kräfte mit 23...Rxf5!} (23...
Rxf5 $1 24. Ree7 Bg6 25. Rxb7+ Kc5 26. Rxa7 Nb4 27. b3 Kd4 $1 $44 (27... Rg5+
28. Kf1 Bd3+ 29. Ke1 Rxg7 30. Rxg7 Nxa2 31. Kd2 Bg6 32. h4 $14)) 24. b4 $1 Nd3
25. Ree7 $18 Nxb4 26. Rxb7+ Kc5 27. Rg5 $1 Bf3 28. f6+ Kxc4 29. Rf5 $1 {
Wahrscheinlich hat Paco diesen Zug übersehen. Schwarz verliert eine Figur.} Bd5
30. Rf4+ Kc3 31. Rbxb4 Bxa2 32. Ra4 Bf7 33. Rxa7 c5 34. f3 c4 35. Kf2 Kb3 36.
Rb7+ 1-0

[Event "FIDE-Wch k.o."]
[Site "Tripoli"]
[Date "2004.06.29"]
[Round "5.2"]
[White "Grischuk, Alexander"]
[Black "Kasimdzhanov, Rustam"]
[Result "1-0"]
[WhiteElo "2719"]
[BlackElo "2652"]
[Annotator "Dautov,R"]
[PlyCount "103"]
[EventDate "2004.06.19"]
[EventType "k.o."]
[EventRounds "7"]
[EventCountry "LBY"]
[SourceTitle "CBM 102"]
[Source "ChessBase"]
[SourceDate "2004.09.23"]
[SourceVersion "1"]
[SourceVersionDate "2004.09.23"]
[SourceQuality "1"]

1. d4 d5 2. c4 e6 3. Nc3 Be7 4. cxd5 exd5 5. Bf4 c6 6. e3 Bd6 7. Nge2 ({
Mehr verbreitet ist} 7. Bg3) 7... Ne7 8. h4 $5 $146 {Eine abenteuerliche Idee,
die zumindest für ein kompliziertes Spiel sorgt. Grischuk brauchte in dieser
Partie unbedingt einen Sieg, um im Rennen zu bleiben.} (8. Bxd6 Qxd6 9. Ng3 Nd7
10. Bd3 Nf6 11. Qc2 O-O 12. O-O h6 $11 {Hjartarson,J-Short,N/Rotterdam 1989})
8... Na6 9. h5 ({Vorsichtiger war} 9. Bxd6 Qxd6 10. Ng3 Nc7 11. Bd3 O-O 12. h5
h6 13. Bc2 Ne8 14. Qd3 Nf6 $13) 9... Nc7 10. h6 g6 11. Bg5 $6 {Die Idee kennt
man aus der berühmten Partie Alekhine-Rubinstein/The Hague 1921, allerdings
konnte sich dort der Läufer auf f6 für längere Zeit einisten. Hier ist es
nicht der Fall.} (11. Bxd6 Qxd6 12. Ng3 $13) 11... O-O 12. Qd2 f6 13. Bf4 Bb4
$1 {Widerlegt den dubiosen Plan von Weiß, Schwarz übernimmt die Initiative.}
14. f3 Ne6 $15 15. Bg3 Nf5 16. Bf2 Re8 17. O-O-O Ng5 {Verhindert das
eventuelle e3-e4.} 18. Nf4 Nd6 $6 {Eine falsche Idee. Den Figurendruck kann
Weiß problemlos aushalten, es war an der Zeit, mit 19...a5! den Bauernsturm zu
starten.} (18... Bf8 19. Bd3 Nxh6 20. e4 $44) (18... a5 $1 19. a3 Bd6 20. Bd3
b5 $40) 19. Qc2 Qa5 20. Qb3 ({Nach} 20. a3 Bxc3 21. Qxc3 Qxc3+ 22. bxc3 $11 {
steht Weiß bereits nicht schlechter, aber er braucht einen Sieg!}) 20... Bxc3
$6 21. bxc3 Qb6 22. Qa3 $1 {Hält die Spannung aufrecht.} Ngf7 23. g4 Be6 24.
Rh2 Rac8 25. Bg3 $14 {/\Nxg6 Die schwarzen Figuren stehen auf einmal sehr
unharmonisch - Grischuk hat das Ruder übernommen.} c5 $2 (25... Qc7 $14) 26.
Rb2 Qc6 27. Qxa7 cxd4 28. Qxd4 Qxc3+ 29. Kb1 Qxd4 30. Rxd4 $16 {Das forciert
entstandene Endspiel ist sehr schwierig für Schwarz. Zu den passiv stehenden
Figuren gesellt sich die Schwäche der Bauern b7 und d5.} Rc3 31. Rb3 Rc5 32.
Rb6 Rc6 33. Rb3 Nxh6 34. Nxd5 Bxd5 35. Rxd5 Nhf7 36. Rd1 Ne5 37. Be2 Rec8 $2
38. g5 $1 Kg7 39. e4 Nef7 40. gxf6+ Kxf6 41. Bf2 Ke7 42. Bd4 {Das weiße
Läuferpaar wird zunehmend aktiv.} Nd8 43. Bb2 Nc4 44. Bc1 Rd6 45. Rxd6 Nxd6 46.
f4 h5 47. Bf3 Ke6 $2 48. Bg2 Rc4 49. Rd3 $18 N6f7 50. Bh3+ Kf6 51. e5+ Kg7 52.
e6 1-0

[Event "RUS-chT 11th"]
[Site "Sochi"]
[Date "2004.04.28"]
[Round "9.3"]
[White "Grachev, Boris V"]
[Black "Malakhov, Vladimir"]
[Result "0-1"]
[WhiteElo "2508"]
[BlackElo "2695"]
[Annotator "Dautov,R"]
[PlyCount "96"]
[EventDate "2004.04.20"]
[EventType "team-tourn"]
[EventRounds "9"]
[EventCountry "RUS"]
[SourceTitle "EXT 2020"]
[Source "ChessBase"]
[SourceDate "2019.10.17"]
[SourceVersion "1"]
[SourceVersionDate "2019.10.17"]
[SourceQuality "1"]
[WhiteTeam "Togliatti Lada"]
[BlackTeam "Norilsk Norilsky Nikel"]
[WhiteTeamCountry "RUS"]
[BlackTeamCountry "RUS"]

1. d4 d5 2. c4 e6 3. Nc3 c6 4. Nf3 dxc4 5. a4 Bb4 6. e3 b5 7. Bd2 a5 8. axb5
Bxc3 9. Bxc3 cxb5 10. b3 Bb7 11. bxc4 b4 12. Bb2 Nf6 13. Bd3 Nbd7 14. O-O O-O
15. Nd2 $6 {Diese Idee wurde seinerzeit von Kasparov angewandt,
nichtsdestotrotz bestehen einige Zweifel an ihrer Richtigkeit. Die schwarzen
Freibauern rücken sehr weit vor, während sich das weiße Zentrum nur mühsam in
Bewegung setzt.} ({Die Hauptfortsetzung ist} 15. Re1) 15... Qc7 {Auch 15...e5
gibt Schwarz ein vollwertiges Spiel.} (15... e5 16. Bc2 Qc7 17. Ba4 Rfd8 18. d5
Nb6 19. Rc1 Nxa4 20. Qxa4 Nd7 21. f4 Qb6 22. Rce1 Nc5 23. Qd1 Nd3 $17 {Sakaev,
K-Timofeev,A/Moscow Aeroflot 2004}) 16. f4 a4 17. Rb1 ({Kasparov spielte} 17.
e4 $2 a3 18. Bc1 {, aber nun war} Qd6 $1 {sehr stark:} (18... Rfd8 $2 19. e5
Ne8 20. Nb3 g6 $2 21. Qd2 $14 {Kasparov,G-Tyomkin,D/simultan Tel Aviv 1994})
19. d5 Nc5 20. Bc2 exd5 21. cxd5 Qe7 22. Re1 Rfe8 $17) 17... Rfd8 18. Qe2 Nf8
$2 $146 {Besser gefällt mir das bereits erprobte 18...b3, denn der schwarze
Springer kann eher auf c6 nützlich werden.} (18... b3 $1 19. Ba1 Nb8 20. e4 (
20. f5 $1 $13) 20... Nc6 21. d5 Nb4 22. Rf3 exd5 23. exd5 Qb6+ 24. Qf2 $2 (24.
Kh1 $15) 24... Qxf2+ 25. Kxf2 Nfxd5 $1 $17 {Cramling,P-Slavina,I/Dresden 2004})
19. e4 N6d7 20. e5 $1 g6 21. Rfc1 $14 {Dank dem gegnerischen Fehler im 18. Zug
bekam Weiß einen klaren Vorteil, den er allerdings sehr schnell verspielt.} Nb8
22. Be4 $2 ({Vorzuziehen war} 22. Ne4 Bxe4 23. Bxe4 Ra7 (23... Nc6 24. d5 $16)
24. Qf2 Na6 25. g4 $5 $16 {Weiß beginnt einen Königsangriff. Die gegnerischen
Freibauern kann er mit seinem Läuferpaar mühelos stoppen, z. B.} b3 26. Ba3 Qb6
27. c5 Qb8 28. c6 $16) 22... b3 23. Ba1 $2 {Man sollte den a4-Bauern nicht
unblockiert lassen, richtig war 23.Ra1!} (23. Ra1 $1 $14) 23... Na6 24. Bxb7
Qxb7 25. Ne4 $2 {Dies kostet Weiß bereits eine Figur, wobei die Kompensation
fraglich bleibt.} (25. Kh1 Nb4 $13) 25... a3 26. Rc3 b2 27. Rxa3 bxa1=Q 28.
Raxa1 Qc7 29. Nd6 $6 ({Bessere Überlebenschancen versprach} 29. c5 $1 Rxd4 30.
Nf6+ Kh8 31. Rxa6 Rxa6 32. Qxa6 Qxc5 33. Kh1 Rxf4 $15) 29... Qc6 $17 30. Ra5
Rab8 31. Rab5 (31. Rba1 Nc7 $17) 31... Rxb5 32. Rxb5 (32. cxb5 Qb6 $17) 32...
Nc7 33. Rc5 Qb6 34. Qe4 Ne8 35. Nb5 Nd7 36. Rc6 Qb7 37. Qf3 Nb8 38. Rc5 Qxf3
39. gxf3 Kf8 $19 {Weiß kann den Verlust des Bauern d4 nicht verhindern.} 40.
Kf2 Na6 41. Rc6 Nb4 42. Rb6 Nc2 43. d5 exd5 44. cxd5 Rxd5 45. Rb8 Rd2+ 46. Kg3
Ke7 47. Na7 Ne3 48. Nc8+ Ke6 0-1

[Event "Moscow Aeroflot op-A"]
[Site "Moscow"]
[Date "2004.02.25"]
[Round "9"]
[White "Lautier, Joel"]
[Black "Vaganian, Rafael A"]
[Result "0-1"]
[WhiteElo "2676"]
[BlackElo "2623"]
[Annotator "Dautov,R"]
[PlyCount "56"]
[EventDate "2004.02.17"]
[EventType "swiss"]
[EventRounds "9"]
[EventCountry "RUS"]
[SourceTitle "CBM 100"]
[Source "ChessBase"]
[SourceDate "2004.06.01"]
[SourceVersion "1"]
[SourceVersionDate "2004.06.01"]
[SourceQuality "1"]

1. d4 d5 2. c4 e6 3. Nc3 Be7 4. cxd5 exd5 5. Bf4 c6 6. e3 Bf5 7. Nge2 Nd7 8. f3
{Die Partie wurde in der letzten Runde des Opens gespielt, und nur im Falle
des Sieges konnte man mit einem guten Preis rechnen. Dementsprechend wählte
Lautier eine anspruchsvolle Eröffnungsvariante, die allerdings auch Schwarz
gute Gegenchancen einräumt.} Bg6 $1 {Dieser prophylaktische Zug scheint hier
am besten zu sein. Schwarz entkräftet die Drohung g2-g4.} (8... g5 9. Bg3 Ngf6
10. Bf2 Qb6 11. Qd2 O-O-O 12. Ng3 Bg6 13. Bd3 g4 $13 {Hjartarson,J-Georgiev,K/
Moscow 1990}) (8... Bh4+ 9. Bg3 Bg6 10. Qd2 Nh6 11. O-O-O Bxg3 12. Nxg3 O-O 13.
h4 f6 14. h5 Bf7 15. Bd3 $14 {Romanov,O-Azarov,S/Minsk 2000}) (8... Nb6 9. Ng3
Bg6 10. Qd2 h5 11. e4 dxe4 12. Ngxe4 Nf6 13. Nc5 Qc8 14. Bd3 Bxd3 15. Qxd3 Nfd5
$11 {Milov,V-Goldin,A/Ashdod 2003}) 9. Bg3 $2 $146 {Das Läufermanöver wirkt
sehr künstlich und kostet Weiß Zeit. Vorzuziehen war 9.Qd2 oder 9.Ng3.} (9. Qd2
Ngf6 10. g4 Nb6 11. b3 a5 12. a4 h5 13. g5 Nfd7 14. h4 Bb4 15. Bh3 O-O $132 {
Hertneck,G-Donev,I/Salzburg 1992}) (9. g4 $2 h5 $15) (9. Ng3 $5) 9... Nh6 $1
10. Bf2 $6 Bd6 {Gegen Ne2-f4 gerichtet.} 11. g4 f5 12. h3 O-O 13. Bg2 Qe7 $15 {
Es ist offensichtlich, daß Weiß die Eröffnung gründlich mißlungen ist. Seine
beiden Läufer sind passiv, und die Bauernexpansion brachte nur Schwächen mit
sich.} 14. O-O fxg4 15. hxg4 Qg5 16. Qd2 Rae8 17. Rae1 $2 {Der folgende
Einschlag ließ sich bereits nur durch Materialeinbußen verhindern.} (17. Nf4 $5
Bxf4 18. exf4 Qxf4 19. Qxf4 Rxf4 20. Rfe1 $15) 17... Rxf3 $3 {[%mdl 640]} 18.
Bxf3 Nxg4 19. Bg3 $6 {Lautier übersah offensichtlich den riesenstarken 20. Zug
von Schwarz, sonst hätte er mit 19.Bxg4 mehr Widerstand geleistet.} (19. Bxg4
Qxg4+ 20. Ng3 Bxg3 21. Bxg3 Qxg3+ 22. Qg2 Rxe3 23. Qxg3 Rxg3+ 24. Kh2 Rd3 25.
Re7 Nf6 26. Rxb7 Rxd4 $17) 19... Nxe3 20. Kh1 Bh5 $3 $19 {Was für ein Zug!
Weiß ist nun vollkommen hilflos.} 21. Bxh5 (21. Nf4 Nxf1 22. Rxf1 Qxg3 23. Nxh5
(23. Bxh5 Bxf4 24. Qxf4 Qh3+ $19) 23... Qh3+ 24. Kg1 Ne5 $3 25. Bd1 (25. dxe5
Bc5+ 26. Rf2 Qxf3 $19) 25... Nc4 26. Qg2 (26. Qf2 Rf8 $19) 26... Qxg2+ 27. Kxg2
Ne3+ $19) 21... Qxh5+ 22. Kg1 Qh3 23. Rf2 Bxg3 24. Nxg3 Qxg3+ 25. Rg2 Nxg2 26.
Rxe8+ Kf7 27. Rc8 Ne3+ 28. Kh1 Nf6 0-1

[Event "EU-Cup 19th"]
[Site "Rethymno"]
[Date "2003.10.01"]
[Round "4.1"]
[White "Jobava, Baadur"]
[Black "Portisch, Lajos"]
[Result "1-0"]
[WhiteElo "2596"]
[BlackElo "2586"]
[Annotator "Dautov,R"]
[PlyCount "47"]
[EventDate "2003.09.28"]
[EventType "team-swiss"]
[EventRounds "7"]
[EventCountry "GRE"]
[SourceTitle "CBM 098"]
[Source "ChessBase"]
[SourceDate "2004.02.03"]
[SourceVersion "1"]
[SourceVersionDate "2004.02.03"]
[SourceQuality "1"]
[WhiteTeam "Tbilisi"]
[BlackTeam "Zalaegerszeg"]
[WhiteTeamCountry "GEO"]
[BlackTeamCountry "HUN"]

1. d4 d5 2. c4 e6 3. Nc3 c6 4. e4 dxe4 5. Nxe4 Bb4+ 6. Bd2 Qxd4 7. Bxb4 Qxe4+
8. Be2 c5 {Eine alte Theoriefortsetzung, heutzutage sieht man 8...Na6 häufiger.
} 9. Bxc5 Qxg2 10. Bf3 Qg5 11. Ba3 ({Gefährlicher für Schwarz ist} 11. Bd6)
11... Ne7 $2 {M.E. ist das Schach auf a5 stärker, da Weiß, anders als bei 11.
Bd6, nicht 12.b4 zur Verfügung hat.} (11... Qa5+ $1 12. Kf1 (12. Qd2 Qxd2+ 13.
Kxd2 Ne7 14. Ne2 Nbc6 $15) 12... Ne7 13. Ne2 Nbc6 14. Rg1 Bd7 15. Qb3 (15. Rxg7
Nf5 $36) 15... Nf5 16. Rd1 O-O-O 17. Nc3 Qb6 18. Be4 Ncd4 19. Qxb6 axb6 $15 {
Bosboom,M-Goloshchapov,A/Hoogeveen 1999}) 12. Ne2 Nf5 $6 {Damit erschwert
Schwarz lediglich seine Entwicklung, natürlicher und besser war 12...Nbc6.} (
12... Nbc6 13. Rg1 Qe5 (13... Qf6 14. Ng3 Nd4 15. Bh1 Ndf5 16. Ne4 Qe5 17. Qd2
O-O 18. O-O-O f6 19. Nd6 $16 {Sarakauskas,G-Splosnov,S/Ceske Budejovice 1999})
14. Qd2 Bd7 15. O-O-O O-O-O 16. Ng3 $44) 13. Rg1 Qd8 $2 {Praktisch ein
Verlustzug, denn im entstehenden Endspiel gerät der schwarze König in akute
Gefahr. Wohl oder übel mußte Portisch versuchen, seine Entwicklung nach 13...
Qf6 abzuschließen.} (13... Qf6 14. Qd2 (14. Qa4+ Bd7 15. Qb4 Nc6 16. Qxb7 Rb8
17. Qc7 Rc8 18. Qf4 Ne5 $17) (14. Ng3 $5 Nxg3 15. Rxg3 $36) 14... Nc6 15. O-O-O
$44) 14. Qxd8+ Kxd8 15. O-O-O+ $16 Kc7 {Guter Rat ist teuer, auf fast jede
Antwort folgt mit großer Kraft 16.Nd4.} (15... Nd7 16. Nd4 Nxd4 17. Rxd4 e5 18.
Rd2 g6 19. Rgd1 $16) 16. Nd4 $1 Nxd4 17. Rxd4 $18 {/\Bd6} Bd7 $6 (17... Nc6 18.
Bd6+ Kd7 19. Bxc6+ (19. Rdd1 $18) 19... Kxc6 20. Rxg7 Rd8 21. Be5 Rxd4 22. Bxd4
$18) 18. Rxg7 Be8 19. Bd6+ Kc8 20. Rh4 h6 21. Bh5 Nd7 22. Ba3 Nb6 23. Bxf7 Bxf7
24. Rxf7 1-0

[Event "RUS-chT 11th"]
[Site "Sochi"]
[Date "2004.04.23"]
[Round "4.3"]
[White "Khalifman, Alexander"]
[Black "Grachev, Boris V"]
[Result "1/2-1/2"]
[WhiteElo "2668"]
[BlackElo "2508"]
[Annotator "Dautov,R"]
[PlyCount "45"]
[EventDate "2004.04.20"]
[EventType "team-tourn"]
[EventRounds "9"]
[EventCountry "RUS"]
[SourceTitle "EXT 2020"]
[Source "ChessBase"]
[SourceDate "2019.10.17"]
[SourceVersion "1"]
[SourceVersionDate "2019.10.17"]
[SourceQuality "1"]
[WhiteTeam "Tomsk 400"]
[BlackTeam "Togliatti Lada"]
[WhiteTeamCountry "RUS"]
[BlackTeamCountry "RUS"]

1. d4 d5 2. c4 c6 3. Nc3 e6 4. e4 {'Marschall's Gambit.It is a very
straightforward way to deal with black's set up.However its forcing nature
gives black a lot of oppurtunities too.'} dxe4 5. Nxe4 Bb4+ 6. Bd2 Qxd4 7. Bxb4
Qxe4+ 8. Be2 Na6 {'One of many lines.'} 9. Ba5 {'This response to 8...Na6 is
Van Wely's choice therefore I have also adopted it.'} b6 10. Qd6 {'The most
challenging move.'} Bd7 11. Bc3 $1 {Dieser Rückzug ist genauer ohne das
Einschieben der langen Rochaden. In einigen Varianten kann Weiß mit seiner
langen Rochade warten oder sogar kurz rochieren.} (11. O-O-O O-O-O 12. Bc3 Nf6
$1 (12... f6) 13. Qa3 Kb7 14. Qe7 Kc8 $11 15. Qxf7 $2 {Ivanov,Se-Vul,A/
Cappelle la Grande 1996} Qxg2 16. Bf3 Qg5+ 17. Bd2 Qf5 $17) 11... Nf6 $2 {
Eine dubiose Neuerung, wie es Khalifman mit seinem folgenden Spiel deutlich
zeigt. Dieser Zug ist nur stark beim besagten Einschieben der langen Rochaden,
hier sollte sich Schwarz für 11...f6! entscheiden.} (11... f6 $1 12. O-O-O {
'The regular move.'} (12. Nf3 O-O-O 13. Nd2 Qxg2 14. Bf3 Qh3 15. Rg1 Nc7 16.
Qa3 Kb8 17. Rxg7 e5 18. O-O-O $44 {Volkov,S-Goloshchapov,A/Dubai 2003}) 12...
O-O-O 13. Qa3 {'A good novelty.What Loek has played againt Shirov was way too
slow.'} (13. b3 $2 Qxg2 14. Bf3 Qg5+ 15. Kb2 Qc5 16. Qg3 Ne7 17. Qxg7 Nf5 18.
Qxf6 Rhf8 19. Qg5 Qxf2+ 20. Rd2 Qe3 $17 {Van Wely,L-Shirov,A/Monaco 2002 'Van
Wely-Shirov,Monaco(rapid) 2002.'}) 13... Kb7 14. Bf3 Qf4+ 15. Rd2 Qc7 $1 {
A good move which I could not spot out in my preparation.} (15... Nb8 16. Ne2
Qxc4 17. Rhd1 Qc5 18. Qxc5 bxc5 19. Nf4 $16 {Najer,E-Malakhov,V/Moscow 2002})
16. Ne2 {It is very iffy if I need this move.} e5 17. Ng3 $2 {From this point
on I was cruising on the wrong plan.} (17. Rhd1 $142) 17... Nh6 18. Ne4 Nf7 19.
c5 {To implant a pawn on d6 was the consequence of my previous moves.} Bf5 {
The other bishops sorty is also good.} 20. Nd6+ Nxd6 21. cxd6 Qd7 22. b4 Nb8
23. b5 {Draw offer.} e4 $15 {Atalik,S-Pavasovic,D/Nova Gorica 2003}) 12. Nf3 $1
O-O-O 13. Ne5 $1 {Sehr stark gespielt. Der Bauer f7 wird empfindlich schwach.}
Rhf8 {Schwarz hat nichts Besseres als diesen häßlichen Zug.} (13... Be8 $2 14.
Qa3 Kb7 15. Qe7+ $16) (13... Nc5 14. f3 Qe3 15. Bd4 (15. Nxf7 $2 Nd5 $3 16.
cxd5 Nd3+ 17. Kd1 Nf2+ 18. Ke1 $11) 15... Nb7 16. Qxc6+ Bxc6 17. Bxe3 $16) 14.
f3 Qe3 15. Bd4 $1 {Weiß verdrängt die gegnerische Dame und rochiert kurz. Es
wäre zu schade, die stolze Konstellation Qd6+Ne5 wegen des Bauern c6
aufzugeben.} (15. Nxd7 Nxd7 16. Qxc6+ Nc7 17. Qe4 Qxe4 18. fxe4 e5 $14) 15...
Qg5 16. O-O $16 {[%mdl 2048]} (16. Nxd7 $2 Nxd7 17. Qxc6+ Nc7 18. O-O $2 Qd2)
16... Qd2 {Schwarz kann der gegnerischen Dame auf keine Weise beikommen und
findet nichts Besseres als mit seiner Dame ins weiße Lager einzutauchen,
jedoch mit einem weit geringeren Effekt.} (16... c5 $2 17. f4 Qh6 18. Nxd7 Nxd7
19. Qc6+ Nc7 20. Bf3 $18) (16... Kb7 17. c5 $16) 17. Rf2 Nc7 $2 {Schwarz
sollte stattdessen den folgenden gegnerischen Zug verhindern.} (17... c5 $1 18.
Rd1 Qh6 19. Bc3 Nc7 20. b4 $16) 18. c5 $1 {Mauert seine Dame weiter ein, nimmt
aber dabei den schwarzen König ins Visier. Nebenbei droht 19.Ba6+.} b5 19. a4
$2 {Bisher schnörkellos gespielt, beginnt hier Khalifman nachzulassen.
Möglicherweise hat er die Stärke des folgenden Qualitätsopfers unterschätzt.} (
{Deutlich einfacher war die folgende Lösung der Frage nach dem Gewinnweg.} 19.
Bxb5 $1 Nxb5 20. Rxd2 Nxd6 21. cxd6 Nd5 (21... Kb7 22. Rd3 $18) 22. Bxa7 f6 23.
Nc4 Kb7 24. Bc5 $18) 19... Be8 $1 {Das Qualitätsopfer ist erzwungen, Schwarz
muß die weiße Dame loswerden.} 20. Qxf8 Qxd4 21. Nd3 $2 {Dieser zweite Fehler
vergibt den ganzen Vorteil und führt zu einer unklaren Lage.} ({Nach dem
korrekten} 21. Nxf7 $1 Bxf7 22. Qxf7 Qxb2 23. Raf1 Rd2 $16 {behilet Weiß einen
klaren Vorteil.}) 21... Nfd5 $1 22. axb5 Nxb5 $13 {Plötzlich ist die weiße
Dame aus dem Spiel und es ist unklar, wie sie aus dem Exil herauskommt.
Deswegen ist die folgende Entscheidung, Remis anzubieten, verständlich.} 23.
Qg8 (23. Qg8 h5 24. Qh7 f5 $13) (23. Qh8 h6 24. Qh7 f5 $13) (23. Rd1 Ne3 $13)
1/2-1/2